000 00725nam a2200241 i 4500
001 8934
003 ES-MaACL
005 20231021062524.0
007 t|
008 921113s1992 sp ||||1| spa d
020 _a84-7223-485-1
080 _a86.0(729.1)-312.6"19"
080 _a86.0(729.1)(Arenas,R.7 A.01)
100 1 _aArenas, Reinaldo.
_922601
245 1 0 _aAntes de que anochezca
_b: autobiografía /
_cReinaldo Arenas.
250 _a[1ª ed.].
260 _aBarcelona :
_bTusquets,
_c1992.
300 _a343 p., [8] p. de lam. ;
_c23 cm.
490 1 _aColección Andanzas ;
_v165
830 0 0 _aColección Andanzas
_v165
_9234359
852 _aES-MaACL
_jL-16339
_bR.120832
999 _c8934
_d8934